000
00459nam a2200157Ia 4500
005
20260121165313.0
008
260121s9999 xx 000 0 und d
041
_a
mar
082
_a
920.72
100
_a
मांडके, शशिकांत
245
_a
शौर्याभास्कर नेताजी
250
_a
1
260
_b
भारतीय विचार साधना पुणे
_c
2023
300
_a
112
650
_a
Genral
999
_c
370002
_d
370002